000 00296nam a22001337a 4500
003 SGT
082 _a615.53
_bP15J
100 _aJOSHI, VIMAL.R
245 _aPRACTICAL BOOK OF RASA SHASTRA
260 _aVARANASI
_bCHAUKHAMBHA
_c2015
300 _a220
650 _aRASA SHASTRA
942 _2ddc
_cBK
_09
999 _c8585
_d8585